[Event "NAYCC U18"]
[Site "Toronto CAN"]
[Date "2013.08.15"]
[Round "2"]
[White "Florea, Alexandru"]
[Black "Ulrich, Thomas M"]
[Result "0-1"]
[WhiteElo "2122"]
[BlackElo "2374"]
[PlyCount "64"]
[GameId "2160767909292638"]
[EventDate "2013.08.14"]
[EventType "swiss"]
[EventRounds "9"]
[EventCountry "CAN"]
[SourceTitle "EXT 2022"]
[Source "ChessBase"]
[SourceDate "2021.10.06"]
[SourceVersion "1"]
[SourceVersionDate "2021.10.06"]
[SourceQuality "1"]

1. Nf3 c5 2. b3 d6 3. Bb2 e5 4. e3 Nc6 5. d4 cxd4 6. exd4 e4 7. Nfd2 f5 8. d5 Ne5 9. Nc4 Nxc4 10. Bxc4 Bd7 11. O-O Nf6 12. Re1 Be7 13. Nc3 O-O 14. f3 b5 15. Bf1 b4 16. Ne2 exf3 17. gxf3 Nh5 18. Ng3 Nxg3 19. hxg3 f4 20. g4 Bf6 21. Bxf6 Qxf6 22. Bd3 h5 23. Re2 hxg4 24. Rh2 g3 25. Bh7+ Kf7 26. Rh5 g6 27. Rh6 Bf5 28. Kg2 Rac8 29. Rc1 Qb2 30. Qe1 Rxc2+ 31. Rxc2 Qxc2+ 32. Kh1 Qb1 0-1

[Event "NAYCC U18"]
[Site "Toronto CAN"]
[Date "2013.08.15"]
[Round "2"]
[White "Liang, Awonder"]
[Black "Qin, Zi Yi (Joey)"]
[Result "1-0"]
[WhiteElo "2268"]
[BlackElo "2460"]
[PlyCount "73"]
[GameId "2160767909292640"]
[EventDate "2013.08.14"]
[EventType "swiss"]
[EventRounds "9"]
[EventCountry "CAN"]

1. e4 c5 2. Nf3 d6 3. d4 cxd4 4. Nxd4 Nf6 5. Nc3 a6 6. Bg5 e6 7. f4 Be7 8. Qf3 Qc7 9. O-O-O Nbd7 10. g4 h6 11. Bxf6 Bxf6 12. h4 Qb6 13. Nb3 Nc5 14. Nxc5 Qxc5 15. e5 dxe5 16. Ne4 Qc6 17. Bg2 Be7 18. fxe5 Bd7 19. Qd3 Qc7 20. Qd4 Rc8 21. c3 Rg8 22. Kb1 Bc6 23. Nd6+ Bxd6 24. Bxc6+ Qxc6 25. exd6 Kd7 26. g5 Qc4 27. Rhf1 Qxd4 28. Rxf7+ Kc6 29. Rxd4 hxg5 30. hxg5 b5 31. d7 Rcd8 32. Re7 Rgf8 33. Rxe6+ Kb7 34. Re7 g6 35. Rg7 Rf1+ 36. Kc2 Rf2+ 37. Kb3 1-0

[Event "NAYCC U18"]
[Site "Toronto CAN"]
[Date "2013.08.15"]
[Round "2"]
[White "Nasir, Pi"]
[Black "Williams, Justus D"]
[Result "0-1"]
[WhiteElo "1947"]
[BlackElo "2366"]
[PlyCount "126"]
[GameId "2160767909292641"]
[EventDate "2013.08.14"]
[EventType "swiss"]
[EventRounds "9"]
[EventCountry "CAN"]
[SourceTitle "EXT 2022"]
[Source "ChessBase"]
[SourceDate "2021.10.06"]
[SourceVersion "1"]
[SourceVersionDate "2021.10.06"]
[SourceQuality "1"]

1. Nf3 c5 2. b3 d5 3. Bb2 f6 4. g3 e5 5. d3 Bd6 6. Nbd2 Ne7 7. Bg2 Nbc6 8. c4 Be6 9. O-O Qd7 10. cxd5 Nxd5 11. Ne4 Be7 12. Rc1 b6 13. Re1 O-O 14. e3 Ndb4 15. d4 Nxa2 16. Ra1 Nab4 17. dxe5 Qxd1 18. Rexd1 Bxb3 19. Rd7 f5 20. Nc3 Be6 21. Rd2 a6 22. Ne2 g5 23. h4 gxh4 24. Nf4 Kf7 25. Nxh4 Rad8 26. Re2 Bxh4 27. gxh4 Rg8 28. Kh2 Bc4 29. Bf3 Bxe2 30. Bxe2 b5 31. Bh5+ Ke7 32. Bc3 a5 33. Be2 Nc2 34. Rc1 b4 35. Rxc2 bxc3 36. Rxc3 Nxe5 37. Rxc5 Ng6 38. Nd5+ Kd6 39. Rxa5 Ra8 40. Rxa8 Rxa8 41. Nc3 Nxh4 42. Kg3 Ng6 43. Nb5+ Ke5 44. f4+ Kf6 45. Nd4 Ra3 46. Kf2 Ra4 47. Kf3 Ne7 48. Kf2 Nd5 49. Nc2 Ra2 50. Nd4 Ra3 51. Nc2 Rc3 52. Bd1 h5 53. Ke2 h4 54. Kd2 Rc8 55. Bf3 Nc3 56. Nd4 Ne4+ 57. Ke2 Rg8 58. Kd3 h3 59. Nxf5 Nc5+ 60. Kc4 Kxf5 61. Kxc5 Rg3 62. Bc6 Rxe3 63. Kd4 Kxf4 0-1

[Event "NAYCC U18"]
[Site "Toronto CAN"]
[Date "2013.08.15"]
[Round "2"]
[White "Pamatmat, Jarod"]
[Black "Song, Guangyu"]
[Result "1-0"]
[WhiteElo "2341"]
[BlackElo "1609"]
[PlyCount "53"]
[GameId "2160767909292642"]
[EventDate "2013.08.14"]
[EventType "swiss"]
[EventRounds "9"]
[EventCountry "CAN"]
[SourceTitle "EXT 2022"]
[Source "ChessBase"]
[SourceDate "2021.10.06"]
[SourceVersion "1"]
[SourceVersionDate "2021.10.06"]
[SourceQuality "1"]

1. d4 Nf6 2. c4 e6 3. Nf3 b6 4. g3 Bb7 5. Bg2 Be7 6. O-O O-O 7. Nc3 d5 8. cxd5 Nxd5 9. Qc2 c5 10. Rd1 Nd7 11. dxc5 Bxc5 12. Nxd5 exd5 13. Bg5 Nf6 14. Nd4 h6 15. Bxf6 Qxf6 16. e3 Rfd8 17. Qb3 Rac8 18. Rd2 Be7 19. Rad1 Rc5 20. Nb5 a6 21. Nc3 Qg5 22. Qxb6 Bc8 23. Nxd5 Re8 24. f4 Qf5 25. Nxe7+ Rxe7 26. Qd8+ Kh7 27. Qxe7 1-0

[Event "NAYCC U18"]
[Site "Toronto CAN"]
[Date "2013.08.15"]
[Round "2"]
[White "Schneider, Thomas G"]
[Black "Colas, Joshua"]
[Result "0-1"]
[WhiteElo "1952"]
[BlackElo "2405"]
[PlyCount "130"]
[GameId "2160767909292644"]
[EventDate "2013.08.14"]
[EventType "swiss"]
[EventRounds "9"]
[EventCountry "CAN"]
[SourceTitle "EXT 2022"]
[Source "ChessBase"]
[SourceDate "2021.10.06"]
[SourceVersion "1"]
[SourceVersionDate "2021.10.06"]
[SourceQuality "1"]

1. d4 Nf6 2. c4 e6 3. Nf3 Bb4+ 4. Bd2 Qe7 5. g3 b6 6. Bg2 Bb7 7. O-O O-O 8. Bf4 Bd6 9. Bxd6 Qxd6 10. a3 Qe7 11. Nc3 d6 12. Qc2 Nbd7 13. e4 e5 14. d5 Ne8 15. Nh4 g6 16. Bh3 Ng7 17. b4 a6 18. Nd1 Bc8 19. Ne3 Qg5 20. Kg2 Nh5 21. Kh1 Qe7 22. Qe2 Nf4 23. gxf4 Qxh4 24. Bxd7 Bxd7 25. Ng2 Qe7 26. Qe3 exf4 27. Nxf4 Rae8 28. Rae1 f5 29. exf5 Qxe3 30. Rxe3 Rxe3 31. fxe3 Bxf5 32. Kg1 Re8 33. Kf2 Kf7 34. Rc1 g5 35. Ne2 Re5 36. Ng3 Bd7 37. e4 h5 38. Nxh5 Rxe4 39. Ng3 Rf4+ 40. Ke3 Rh4 41. Ne4 Rxh2 42. Nxg5+ Kf6 43. Ne4+ Ke5 44. Rg1 Rh3+ 45. Rg3 Rxg3+ 46. Nxg3 b5 47. Kd3 bxc4+ 48. Kxc4 Bb5+ 49. Kc3 a5 50. bxa5 Kxd5 51. Nf5 c5 52. Ne3+ Kc6 53. Nc2 d5 54. Kd2 d4 55. Ne1 Kd5 56. Nc2 Ba6 57. Ne1 c4 58. Nc2 c3+ 59. Kc1 Kc4 60. Nb4 Bb7 61. a6 Bf3 62. a7 d3 63. Nxd3 Kxd3 64. a4 c2 65. a5 Bd5 0-1

[Event "NAYCC U18"]
[Site "Toronto CAN"]
[Date "2013.08.15"]
[Round "2"]
[White "Semianiuk, Konstantin"]
[Black "Luo, Zhao Yang"]
[Result "0-1"]
[WhiteElo "2315"]
[BlackElo "1982"]
[PlyCount "94"]
[GameId "2160767909292645"]
[EventDate "2013.08.14"]
[EventType "swiss"]
[EventRounds "9"]
[EventCountry "CAN"]
[SourceTitle "EXT 2022"]
[Source "ChessBase"]
[SourceDate "2021.10.06"]
[SourceVersion "1"]
[SourceVersionDate "2021.10.06"]
[SourceQuality "1"]

1. e4 c6 2. d4 d5 3. exd5 cxd5 4. Bd3 Nf6 5. c3 Bg4 6. Qb3 Qd7 7. Bf4 Nc6 8. Nd2 e6 9. Ngf3 Bxf3 10. Nxf3 Bd6 11. Bxd6 Qxd6 12. O-O O-O 13. Rae1 Qc7 14. Bb1 Rab8 15. Qc2 Rfc8 16. Qd3 b5 17. Ne5 b4 18. Re3 bxc3 19. bxc3 Ne7 20. Rfe1 Qa5 21. Qd1 Ng6 22. h3 Rb2 23. Nd3 Rb7 24. Nc5 Rbc7 25. Qe2 Nf8 26. Kh2 N6d7 27. Nb3 Qa3 28. Rg3 a5 29. Qd2 a4 30. Na1 Rb7 31. c4 Qb2 32. Qxb2 Rxb2 33. c5 Rxf2 34. Ra3 e5 35. Kg3 Rf6 36. Rxa4 exd4 37. Rxd4 Nxc5 38. Red1 Ne4+ 39. Bxe4 dxe4 40. Rxe4 Rc3+ 41. Kh2 Ne6 42. Rd2 g6 43. Nc2 Rf5 44. a4 Ra5 45. Rf2 Rc7 46. Ne3 Rca7 47. Nd5 Rxd5 0-1

[Event "NAYCC U18"]
[Site "Toronto CAN"]
[Date "2013.08.15"]
[Round "2"]
[White "Song, Michael"]
[Black "Zhang, Eric"]
[Result "1-0"]
[WhiteElo "2368"]
[BlackElo "2167"]
[PlyCount "67"]
[GameId "2160767909292646"]
[EventDate "2013.08.14"]
[EventType "swiss"]
[EventRounds "9"]
[EventCountry "CAN"]
[SourceTitle "EXT 2022"]
[Source "ChessBase"]
[SourceDate "2021.10.06"]
[SourceVersion "1"]
[SourceVersionDate "2021.10.06"]
[SourceQuality "1"]

1. d4 Nf6 2. c4 g6 3. Nc3 d5 4. Nf3 Bg7 5. Qb3 c6 6. cxd5 cxd5 7. Bg5 e6 8. e3 O-O 9. Be2 Nc6 10. O-O b6 11. Rfc1 Bb7 12. Ne5 Ne7 13. Bf4 Ne8 14. Qa4 f6 15. Nf3 a6 16. h3 Rf7 17. Qb3 Nc8 18. Bd3 Ned6 19. Qc2 b5 20. Qb3 Qe8 21. Bh2 Ra7 22. a4 Bc6 23. Qc2 e5 24. e4 b4 25. Nb5 Bxb5 26. axb5 Rac7 27. Qe2 Rxc1+ 28. Rxc1 dxe4 29. Bxe4 exd4 30. Bd3 Re7 31. Qd2 axb5 32. Qxb4 Bf8 33. Bxd6 Nxd6 34. Qxd6 1-0

[Event "NAYCC U18"]
[Site "Toronto CAN"]
[Date "2013.08.15"]
[Round "2"]
[White "Vibbert, Sean"]
[Black "Itkin, David"]
[Result "0-1"]
[WhiteElo "2426"]
[BlackElo "2182"]
[PlyCount "92"]
[GameId "2160767909292647"]
[EventDate "2013.08.14"]
[EventType "swiss"]
[EventRounds "9"]
[EventCountry "CAN"]
[SourceTitle "EXT 2022"]
[Source "ChessBase"]
[SourceDate "2021.10.06"]
[SourceVersion "1"]
[SourceVersionDate "2021.10.06"]
[SourceQuality "1"]

1. e4 d5 2. exd5 Nf6 3. d4 Bg4 4. Be2 Bxe2 5. Nxe2 Qxd5 6. O-O e6 7. Nbc3 Qd7 8. Bg5 Be7 9. Bxf6 Bxf6 10. Qd3 Nc6 11. d5 Nb4 12. Qf3 Nxd5 13. Ne4 O-O-O 14. c4 Nb6 15. c5 Nd5 16. Rac1 Qc6 17. Qa3 Kb8 18. Nxf6 Nxf6 19. Rfd1 e5 20. b4 Nd5 21. Qb3 Nf4 22. Nxf4 exf4 23. Qxf7 Qa4 24. Rxd8+ Rxd8 25. Qc4 a5 26. h4 Rd1+ 27. Rxd1 Qxd1+ 28. Kh2 Qg4 29. bxa5 Qxh4+ 30. Kg1 Qh5 31. f3 Qe5 32. Qg8+ Ka7 33. Qxh7 Qxc5+ 34. Kh2 g5 35. Qg6 Qxa5 36. Qg7 Qc5 37. Qf6 b6 38. Qd8 Kb7 39. Qg8 Qe5 40. Qd8 g4 41. Qh4 gxf3 42. Qf2 Qe2 43. Kg1 Qxf2+ 44. Kxf2 fxg2 45. Kxg2 Kc6 46. Kf3 Kd5 0-1

[Event "NAYCC U18"]
[Site "Toronto CAN"]
[Date "2013.08.15"]
[Round "3"]
[White "Colas, Joshua"]
[Black "Knox, Christopher"]
[Result "1-0"]
[WhiteElo "2405"]
[BlackElo "2319"]
[PlyCount "105"]
[GameId "2160767909292649"]
[EventDate "2013.08.14"]
[EventType "swiss"]
[EventRounds "9"]
[EventCountry "CAN"]
[SourceTitle "EXT 2022"]
[Source "ChessBase"]
[SourceDate "2021.10.06"]
[SourceVersion "1"]
[SourceVersionDate "2021.10.06"]
[SourceQuality "1"]

1. d4 Nf6 2. c4 e6 3. Nf3 b6 4. g3 Bb4+ 5. Bd2 Bxd2+ 6. Qxd2 Ba6 7. Qc2 Bb7 8. Bg2 c5 9. O-O cxd4 10. Nxd4 Bxg2 11. Kxg2 Qc7 12. Nd2 O-O 13. e4 a6 14. Rac1 d6 15. h3 Nbd7 16. Qd3 Qb7 17. Rfe1 Rac8 18. b4 Rc7 19. f4 Rfc8 20. N4b3 d5 21. cxd5 exd5 22. e5 Ne4 23. Nxe4 dxe4 24. Rxc7 Rxc7 25. Qxe4 Rc2+ 26. Kg1 Qxe4 27. Rxe4 Rxa2 28. Rd4 Nf8 29. Rd8 g6 30. Nd4 Kg7 31. f5 gxf5 32. Nxf5+ Kg8 33. Rb8 Re2 34. Rxb6 Rxe5 35. g4 Rb5 36. Rxb5 axb5 37. Nd4 Ng6 38. Nxb5 Nf4 39. Nd6 Nxh3+ 40. Kg2 Nf4+ 41. Kf3 Ne6 42. b5 Kg7 43. b6 Nd8 44. Kf4 Kg6 45. Nf5 Ne6+ 46. Ke5 Kg5 47. Kd6 Nd8 48. Nd4 Nb7+ 49. Kc7 Na5 50. Nc6 Nb3 51. Kd6 Nd2 52. b7 Ne4+ 53. Ke7 1-0

[Event "NAYCC U18"]
[Site "Toronto CAN"]
[Date "2013.08.15"]
[Round "3"]
[White "Inigo, Aquino"]
[Black "Schneider, Thomas G"]
[Result "1-0"]
[WhiteElo "2241"]
[BlackElo "1952"]
[PlyCount "91"]
[GameId "2160767909292650"]
[EventDate "2013.08.14"]
[EventType "swiss"]
[EventRounds "9"]
[EventCountry "CAN"]
[SourceTitle "EXT 2022"]
[Source "ChessBase"]
[SourceDate "2021.10.06"]
[SourceVersion "1"]
[SourceVersionDate "2021.10.06"]
[SourceQuality "1"]

1. d4 d5 2. c4 c6 3. Nf3 Nf6 4. Nc3 e6 5. Bg5 Nbd7 6. e3 Qa5 7. Nd2 Bb4 8. Qc2 O-O 9. a3 dxc4 10. Bxf6 Nxf6 11. Nxc4 Bxc3+ 12. bxc3 Qd5 13. Nd2 e5 14. Nf3 exd4 15. cxd4 Bf5 16. Bd3 Be4 17. Bxe4 Nxe4 18. O-O f5 19. Rab1 b6 20. Rbc1 Rad8 21. Rfd1 f4 22. Ne5 fxe3 23. fxe3 c5 24. Nf3 c4 25. Nd2 Nxd2 26. Rxd2 Rfe8 27. Qc3 b5 28. Re1 Re4 29. Rf2 a6 30. Ref1 h6 31. Rf5 Qe6 32. R1f3 Rd6 33. Kf2 Rd5 34. Rf8+ Kh7 35. Qc2 Rd7 36. R3f4 Re7 37. Rxe4 Qxe4 38. Qxe4+ Rxe4 39. Ra8 Re6 40. d5 Rd6 41. e4 Kg6 42. Ke3 c3 43. Rc8 a5 44. Rxc3 Kf6 45. Kd4 Ke7 46. Rc7+ 1-0

[Event "NAYCC U18"]
[Site "Toronto CAN"]
[Date "2013.08.15"]
[Round "3"]
[White "Luo, Zhao Yang"]
[Black "Song, Michael"]
[Result "0-1"]
[WhiteElo "1982"]
[BlackElo "2368"]
[PlyCount "60"]
[GameId "2160767909292653"]
[EventDate "2013.08.14"]
[EventType "swiss"]
[EventRounds "9"]
[EventCountry "CAN"]
[SourceTitle "EXT 2022"]
[Source "ChessBase"]
[SourceDate "2021.10.06"]
[SourceVersion "1"]
[SourceVersionDate "2021.10.06"]
[SourceQuality "1"]

1. d4 d6 2. Nf3 Bg4 3. e3 Nf6 4. Be2 Nbd7 5. O-O e6 6. c4 Be7 7. Nc3 O-O 8. b3 d5 9. Bb2 c6 10. Nd2 Bxe2 11. Qxe2 c5 12. Rfd1 cxd4 13. exd4 Bb4 14. Rac1 Qe7 15. Qf3 Bxc3 16. Rxc3 Nb8 17. Qh3 Nc6 18. Rg3 Kh8 19. Qh4 Rfd8 20. Rh3 h6 21. Qf4 Rd7 22. c5 b6 23. Rc1 Rc8 24. Rcc3 Ng8 25. Nf3 bxc5 26. Rxc5 Rdc7 27. a3 e5 28. Nxe5 Nxe5 29. Rxc7 Qxc7 30. Rc3 Nc6 0-1

[Event "NAYCC U18"]
[Site "Toronto CAN"]
[Date "2013.08.15"]
[Round "3"]
[White "MacDonald, Sydney"]
[Black "Cao, Jason"]
[Result "0-1"]
[WhiteElo "725"]
[BlackElo "2297"]
[PlyCount "72"]
[GameId "2160767909292654"]
[EventDate "2013.08.14"]
[EventType "swiss"]
[EventRounds "9"]
[EventCountry "CAN"]
[SourceTitle "EXT 2022"]
[Source "ChessBase"]
[SourceDate "2021.10.06"]
[SourceVersion "1"]
[SourceVersionDate "2021.10.06"]
[SourceQuality "1"]

1. e4 c5 2. c3 Nf6 3. e5 Nd5 4. Nf3 Nc6 5. d4 cxd4 6. cxd4 g6 7. Nc3 Nxc3 8. bxc3 Bg7 9. Bd3 d6 10. exd6 Qxd6 11. O-O O-O 12. a4 Rd8 13. Ba3 Qc7 14. h3 e5 15. Qc2 exd4 16. cxd4 Be6 17. Be4 Rac8 18. Rac1 Qd7 19. Qb1 Nxd4 20. Nxd4 Qxd4 21. a5 Rxc1 22. Bxc1 Bd5 23. Bxd5 Qxd5 24. Be3 a6 25. Qb4 Rc8 26. Rb1 Rc7 27. Qb6 Rd7 28. Rc1 Be5 29. Qb1 Qxa5 30. Rc5 Qa1 31. Qxa1 Bxa1 32. Ra5 Bd4 33. Bxd4 Rxd4 34. Kf1 Rd2 35. Ke1 Rb2 36. Kd1 Rxf2 0-1

[Event "NAYCC U18"]
[Site "Toronto CAN"]
[Date "2013.08.15"]
[Round "3"]
[White "Qin, Zi Yi (Joey)"]
[Black "Florea, Alexandru"]
[Result "1-0"]
[WhiteElo "2460"]
[BlackElo "2122"]
[PlyCount "81"]
[GameId "2160767909292655"]
[EventDate "2013.08.14"]
[EventType "swiss"]
[EventRounds "9"]
[EventCountry "CAN"]

1. e4 c5 2. Nf3 d6 3. g3 Nf6 4. d3 g6 5. Bg2 Bg7 6. O-O O-O 7. h3 Qc7 8. Nc3 Bd7 9. Re1 Bc6 10. d4 cxd4 11. Nxd4 Nbd7 12. Nd5 Bxd5 13. exd5 Nb6 14. Nb5 Qd7 15. Nc3 Rac8 16. Rb1 Rfe8 17. Be3 Nc4 18. Bd4 Nh5 19. Re4 Bh6 20. Re2 Ng7 21. Ne4 Nf5 22. Bc3 Bg7 23. Bxg7 Kxg7 24. g4 Nh4 25. Qd4+ Kg8 26. f4 f5 27. Ng5 Qb5 28. Ne6 Qb6 29. Bh1 Qxd4+ 30. Nxd4 h6 31. b3 Nb6 32. c4 Kf7 33. Kh2 fxg4 34. hxg4 g5 35. fxg5 hxg5 36. Rf1+ Kg7 37. Be4 Nd7 38. Bf5 Ne5 39. Bxc8 Rxc8 40. Kg3 b5 41. Nxb5 1-0

[Event "NAYCC U18"]
[Site "Toronto CAN"]
[Date "2013.08.15"]
[Round "3"]
[White "Sohal, Tanraj"]
[Black "Vibbert, Sean"]
[Result "0-1"]
[WhiteElo "2265"]
[BlackElo "2426"]
[PlyCount "74"]
[GameId "2160767909292656"]
[EventDate "2013.08.14"]
[EventType "swiss"]
[EventRounds "9"]
[EventCountry "CAN"]
[SourceTitle "EXT 2022"]
[Source "ChessBase"]
[SourceDate "2021.10.06"]
[SourceVersion "1"]
[SourceVersionDate "2021.10.06"]
[SourceQuality "1"]

1. d4 d5 2. c4 e6 3. Nc3 Nf6 4. Bg5 Nbd7 5. cxd5 exd5 6. e3 c6 7. Bd3 Bd6 8. Qc2 Nf8 9. Nf3 Ng6 10. O-O-O h6 11. Bxg6 hxg5 12. Bd3 g4 13. Nd2 Be6 14. f3 Qc7 15. e4 dxe4 16. fxe4 Bb4 17. d5 Bd7 18. Qb3 Bxc3 19. bxc3 cxd5 20. exd5 O-O 21. Rhf1 Rac8 22. Nb1 Qa5 23. Bc2 Rc5 24. Qb4 Qxb4 25. cxb4 Rc4 26. Kb2 Rxb4+ 27. Bb3 a5 28. Ka3 Re4 29. Nd2 Re2 30. Bc4 Rxg2 31. Bb3 Rxh2 32. d6 a4 33. Bc2 Rc8 34. Kb2 a3+ 35. Kb1 Rc6 36. Rxf6 gxf6 37. Ne4 Rcxc2 0-1

[Event "NAYCC U18"]
[Site "Toronto CAN"]
[Date "2013.08.15"]
[Round "3"]
[White "Sprumont, Oscar"]
[Black "Semianiuk, Konstantin"]
[Result "0-1"]
[WhiteElo "1961"]
[BlackElo "2315"]
[PlyCount "75"]
[GameId "2160767909292657"]
[EventDate "2013.08.14"]
[EventType "swiss"]
[EventRounds "9"]
[EventCountry "CAN"]
[SourceTitle "EXT 2022"]
[Source "ChessBase"]
[SourceDate "2021.10.06"]
[SourceVersion "1"]
[SourceVersionDate "2021.10.06"]
[SourceQuality "1"]

1. Nf3 d5 2. c4 c6 3. g3 Nf6 4. Bg2 e6 5. b3 g6 6. Bb2 Bg7 7. O-O O-O 8. d3 b6 9. Nbd2 Bb7 10. Qc2 c5 11. Rfd1 Nc6 12. cxd5 exd5 13. d4 Nb4 14. Qc1 Rc8 15. Qb1 Qc7 16. a3 Nc6 17. e3 Rfe8 18. Qa2 Ne4 19. Bf1 Rcd8 20. dxc5 bxc5 21. Bxg7 Kxg7 22. Nxe4 dxe4 23. Qb2+ Kg8 24. Ne1 Ne5 25. Qc2 h5 26. Rac1 Rxd1 27. Rxd1 h4 28. Bg2 hxg3 29. hxg3 f5 30. Qd2 Kg7 31. Qd6 Qxd6 32. Rxd6 Kf7 33. Rd1 Ke6 34. Rc1 Rd8 35. Bf1 Rd2 36. b4 c4 37. Nc2 Nf3+ 38. Kg2 0-1

[Event "NAYCC U18"]
[Site "Toronto CAN"]
[Date "2013.08.15"]
[Round "3"]
[White "Ulrich, Thomas M"]
[Black "Pamatmat, Jarod"]
[Result "0-1"]
[WhiteElo "2374"]
[BlackElo "2341"]
[PlyCount "100"]
[GameId "2160767909292658"]
[EventDate "2013.08.14"]
[EventType "swiss"]
[EventRounds "9"]
[EventCountry "CAN"]
[SourceTitle "EXT 2022"]
[Source "ChessBase"]
[SourceDate "2021.10.06"]
[SourceVersion "1"]
[SourceVersionDate "2021.10.06"]
[SourceQuality "1"]

1. d4 e6 2. c4 Bb4+ 3. Bd2 Bxd2+ 4. Qxd2 Nf6 5. Nc3 d5 6. e3 Nbd7 7. cxd5 exd5 8. Bd3 O-O 9. Nf3 Re8 10. Qc2 c6 11. O-O-O a5 12. g4 Qe7 13. g5 Ne4 14. h4 b5 15. Bxe4 dxe4 16. Nd2 f5 17. Kb1 Bb7 18. Ne2 a4 19. Nf4 c5 20. Nf1 cxd4 21. Rxd4 Ne5 22. Ng3 Rf8 23. Rhd1 Rac8 24. Qe2 Rc5 25. a3 g6 26. Rd6 Rfc8 27. Ne6 Rc1+ 28. Rxc1 Rxc1+ 29. Kxc1 Qxd6 30. Nd4 Nd3+ 31. Kb1 b4 32. Qc2 bxa3 33. Qc4+ Bd5 34. Qc8+ Qf8 35. Qxf8+ Kxf8 36. bxa3 Nxf2 37. Kc2 Ke7 38. Nge2 Bf7 39. Nc3 Ng4 40. Kd2 Be8 41. h5 Kd6 42. hxg6 hxg6 43. Nce2 Kc5 44. Ne6+ Kc4 45. N2d4 Ne5 46. Nf4 Nf3+ 47. Nxf3 exf3 48. Ne6 f2 49. Ke2 Kb3 50. Kxf2 Kxa3 0-1

[Event "NAYCC U18"]
[Site "Toronto CAN"]
[Date "2013.08.15"]
[Round "3"]
[White "Williams, Justus D"]
[Black "Liang, Awonder"]
[Result "1-0"]
[WhiteElo "2366"]
[BlackElo "2268"]
[PlyCount "81"]
[GameId "2160767909292659"]
[EventDate "2013.08.14"]
[EventType "swiss"]
[EventRounds "9"]
[EventCountry "CAN"]
[SourceTitle "EXT 2022"]
[Source "ChessBase"]
[SourceDate "2021.10.06"]
[SourceVersion "1"]
[SourceVersionDate "2021.10.06"]
[SourceQuality "1"]

1. Nf3 Nf6 2. g3 g6 3. Bg2 Bg7 4. O-O O-O 5. c4 c6 6. Nc3 d5 7. cxd5 cxd5 8. d4 Ne4 9. Ne5 Nxc3 10. bxc3 Nd7 11. Nxd7 Qxd7 12. Qb3 Rd8 13. e4 dxe4 14. Bxe4 Qc7 15. Bf4 e5 16. Bg5 Re8 17. d5 Bg4 18. Rab1 Rab8 19. c4 Kh8 20. Be3 b6 21. Rfe1 Rbc8 22. Rbc1 f5 23. Bg2 f4 24. Bd2 Bh6 25. Qb2 Bg7 26. Be4 Qf7 27. f3 fxg3 28. hxg3 Bf5 29. Qb3 Qe7 30. Kg2 Bf6 31. g4 Bg5 32. f4 Bh4 33. gxf5 Bxe1 34. Rxe1 gxf5 35. Bxf5 Rg8+ 36. Kf1 Qg7 37. Ke2 Rcf8 38. Be6 Qg2+ 39. Kd1 Rg3 40. Qb2 Qf3+ 41. Kc1 1-0

[Event "NAYCC U18"]
[Site "Toronto CAN"]
[Date "2013.08.15"]
[Round "3"]
[White "Zhang, Eric"]
[Black "Farrant-Diaz, Nathan"]
[Result "1-0"]
[WhiteElo "2167"]
[BlackElo "1906"]
[PlyCount "53"]
[GameId "2160767909292660"]
[EventDate "2013.08.14"]
[EventType "swiss"]
[EventRounds "9"]
[EventCountry "CAN"]
[SourceTitle "EXT 2022"]
[Source "ChessBase"]
[SourceDate "2021.10.06"]
[SourceVersion "1"]
[SourceVersionDate "2021.10.06"]
[SourceQuality "1"]

1. e4 g6 2. d4 Bg7 3. Nc3 d6 4. Be3 a6 5. Qd2 b5 6. f3 Bb7 7. g4 Nd7 8. O-O-O c5 9. dxc5 Nxc5 10. Bd4 Bxd4 11. Qxd4 Nf6 12. e5 Ne6 13. Qb4 Ng8 14. exd6 exd6 15. Bxb5+ axb5 16. Nxb5 Ra6 17. Nxd6+ Rxd6 18. Rxd6 Qg5+ 19. Rd2 Bc6 20. Qb8+ Ke7 21. Qd6+ Kf6 22. Qxc6 Kg7 23. Qc3+ Nf6 24. h4 Qc5 25. Qxc5 Nxc5 26. g5 Nfd7 27. b4 1-0

[Event "NAYCC U18"]
[Site "Toronto CAN"]
[Date "2013.08.16"]
[Round "4"]
[White "Cao, Jason"]
[Black "Ulrich, Thomas M"]
[Result "1-0"]
[WhiteElo "2297"]
[BlackElo "2374"]
[PlyCount "107"]
[GameId "2160767909292661"]
[EventDate "2013.08.14"]
[EventType "swiss"]
[EventRounds "9"]
[EventCountry "CAN"]
[SourceTitle "EXT 2022"]
[Source "ChessBase"]
[SourceDate "2021.10.06"]
[SourceVersion "1"]
[SourceVersionDate "2021.10.06"]
[SourceQuality "1"]

1. e4 c5 2. Nf3 d6 3. d4 cxd4 4. Nxd4 Nf6 5. Nc3 a6 6. Be3 e5 7. Nb3 Be7 8. f3 O-O 9. Qd2 Be6 10. O-O-O a5 11. a4 Na6 12. Kb1 Nb4 13. g4 Rc8 14. g5 Nd7 15. f4 exf4 16. Bxf4 Ne5 17. h4 Bg4 18. Rc1 Nc4 19. Bxc4 Rxc4 20. Rhg1 Be6 21. Rcd1 d5 22. Qe3 b5 23. exd5 Nxd5 24. Nxd5 Bxd5 25. Qe5 Be4 26. Nd4 Bc5 27. Qxe4 Bxd4 28. Rge1 Qb6 29. Qd3 bxa4 30. Bc1 Bxb2 31. Qxc4 Rb8 32. Qxa4 Be5+ 33. Qb3 Qc7 34. Rxe5 Rxb3+ 35. cxb3 f6 36. Red5 Qb6 37. Ka2 Qf2+ 38. Bb2 Qxh4 39. gxf6 gxf6 40. Rd8+ Kf7 41. R1d7+ Kg6 42. Rd6 Qh2 43. Rxf6+ Kh5 44. Rd5+ Kg4 45. Rc6 Qe2 46. Rc4+ Kf3 47. Rh5 Qe6 48. Rxh7 Kg3 49. Rg7+ Kf3 50. Rgg4 a4 51. Rcf4+ Ke3 52. Re4+ Qxe4 53. Rxe4+ Kxe4 54. b4 1-0

[Event "NAYCC U18"]
[Site "Toronto CAN"]
[Date "2013.08.16"]
[Round "4"]
[White "Chandra, Akshat"]
[Black "Song, Guangyu"]
[Result "1-0"]
[WhiteElo "2395"]
[BlackElo "1609"]
[PlyCount "85"]
[GameId "2160767909292662"]
[EventDate "2013.08.14"]
[EventType "swiss"]
[EventRounds "9"]
[EventCountry "CAN"]
[SourceTitle "EXT 2022"]
[Source "ChessBase"]
[SourceDate "2021.10.06"]
[SourceVersion "1"]
[SourceVersionDate "2021.10.06"]
[SourceQuality "1"]

1. e4 c5 2. Nf3 d6 3. d4 cxd4 4. Nxd4 Nf6 5. Nc3 a6 6. h3 e5 7. Nde2 b5 8. g4 b4 9. Nd5 Nxe4 10. Bg2 f5 11. gxf5 Bxf5 12. Ne3 Qh4 13. Ng3 Nxg3 14. Nxf5 Nxf5 15. Bxa8 Nd4 16. Be3 Nbc6 17. Bxc6+ Nxc6 18. Qd5 Kd7 19. O-O-O Be7 20. Kb1 Rc8 21. Rhg1 g6 22. Bg5 Qxf2 23. Bxe7 Nxe7 24. Qxd6+ Ke8 25. Qd7+ Kf7 26. Rgf1 Rxc2 27. Rxf2+ Rxf2 28. Qa7 Rf6 29. Qc5 Re6 30. Qxb4 e4 31. Qc4 Nf5 32. Rd8 Kf6 33. Rf8+ Ke5 34. Qc5+ Kf4 35. Qc4 Rd6 36. Qc7 Ke5 37. Rd8 e3 38. Rxd6 Nxd6 39. Qc5+ Ke4 40. Qxd6 e2 41. Qd2 Kf3 42. Kc2 Kf2 43. Kd3 1-0